Video Denoising Through Sparse Representations Using Trained Dictionaries (Record no. 217739)
[ view plain ]
| 000 -LEADER | |
|---|---|
| fixed length control field | 00424 a2200157 4500 |
| 003 - CONTROL NUMBER IDENTIFIER | |
| control field | Nust |
| 005 - DATE AND TIME OF LATEST TRANSACTION | |
| control field | 20170207171612.0 |
| 040 ## - CATALOGING SOURCE | |
| Transcribing agency | Nust |
| 082 ## - DEWEY DECIMAL CLASSIFICATION NUMBER | |
| Classification number | 621.382 |
| 100 ## - MAIN ENTRY--PERSONAL NAME | |
| Personal name | Raja, Muhammad Yahya (MSEE-19) |
| 245 ## - TITLE STATEMENT | |
| Title | Video Denoising Through Sparse Representations Using Trained Dictionaries |
| Statement of responsibility, etc. | Muhammad Yahya Raja |
| 260 ## - PUBLICATION, DISTRIBUTION, ETC. | |
| Place of publication, distribution, etc. | Rawalpind |
| Name of publisher, distributor, etc. | MCS,NUST |
| Date of publication, distribution, etc. | January 2016 |
| 300 ## - PHYSICAL DESCRIPTION | |
| Extent | 37 p |
| 650 ## - SUBJECT ADDED ENTRY--TOPICAL TERM | |
| Topical term or geographic name entry element | PG Thesis MSEE |
| 651 ## - SUBJECT ADDED ENTRY--GEOGRAPHIC NAME | |
| Geographic name | MSEE-19 |
| 942 ## - ADDED ENTRY ELEMENTS (KOHA) | |
| Koha item type | |
| Withdrawn status | Lost status | Source of classification or shelving scheme | Damaged status | Not for loan | Collection code | Permanent Location | Current Location | Date acquired | Total Checkouts | Full call number | Barcode | Date last seen | Price effective from | Koha item type | Shelving location |
|---|---|---|---|---|---|---|---|---|---|---|---|---|---|---|---|
| Central Library (CL) | Central Library (CL) | 11/11/2020 | 621.3 | CL-T-1114 | 11/11/2020 | 11/11/2020 | Thesis | ||||||||
| Central Library (CL) | Central Library (CL) | 11/11/2020 | 621.3 | CL-T-956 | 11/11/2020 | 11/11/2020 | |||||||||
| Military College of Signals (MCS) | Military College of Signals (MCS) | 12/12/2016 | 621.382 RAJ | MCSTEE-264 | 12/08/2016 | 12/12/2016 | Book |
